Normal view
MARC view
- PROCURADURIA FEDERAL DEL CONSUMIDOR (MEXICO) -
Entry Nombre Corporativo
001 - NÚMERO DE CONTROL
- campo de control: 1630
003 - IDENTIFICADOR DE NUMERO DE CONTROL
- campo de control: UPN
005 - FECHA Y HORA DE LA ÜLTIMA TRANSACCIÓN
- campo de control: 20210219193614.0
008 - DATOS DE LONGITUD FIJA
- campo de control de longitud fija: nabaccnnaabn|||||||||| b |nc|||||d
035 ## - NÚMERO DE CONTROL
- Número de control: UPN10000001630
040 ## - FUENTE DE CATALOGACIÓN
- Lenguaje de catalogación: SPA
- Agencia transcribe: UPN
110 2# - ENCABEZAMIENTO - NOMBRE CORPORATIVO
- Nombre corporativo o de jurisdicción como elemento de entrada : PROCURADURIA FEDERAL DEL CONSUMIDOR (MEXICO) -
- Subdivisión de forma: INFORMES
670 ## - FUENTE EN LA QUE SE LOCALIZARON DATOS
- Cita de la fuente : T/P
- Información localizada: 2003 : acción y visión de Profeco : una ley renovada : un benficio completo
902 ## - CATALOGADOR
- Catalogador: MEEG/281005
